Human resource information systems : (Record no. 288344)
[ view plain ]
| 000 -LEADER | |
|---|---|
| fixed length control field | 01015cam a22002894a 4500 |
| 001 - CONTROL NUMBER | |
| control field | SSB000335 |
| 003 - CONTROL NUMBER IDENTIFIER | |
| control field | PILC |
| 005 - DATE AND TIME OF LATEST TRANSACTION | |
| control field | 20150805153139.0 |
| 008 - FIXED-LENGTH DATA ELEMENTS--GENERAL INFORMATION | |
| fixed length control field | 110324s2012 caua b 001 0 eng |
| 010 ## - LIBRARY OF CONGRESS CONTROL NUMBER | |
| LC control number | 2011012695 |
| 020 ## - INTERNATIONAL STANDARD BOOK NUMBER | |
| International Standard Book Number | 9781412961561 |
| 035 ## - SYSTEM CONTROL NUMBER | |
| System control number | (OCoLC)ocn681498354 |
| 040 ## - CATALOGING SOURCE | |
| Original cataloging agency | DLC |
| Transcribing agency | DLC |
| Modifying agency | YDX |
| -- | BTCTA |
| -- | YDXCP |
| -- | BWX |
| -- | CDX |
| -- | DLC |
| 042 ## - AUTHENTICATION CODE | |
| Authentication code | pcc |
| 050 00 - LIBRARY OF CONGRESS CALL NUMBER | |
| Classification number | HF 5549.5.D37 |
| Item number | .H88 2012 |
| 245 00 - TITLE STATEMENT | |
| Title | Human resource information systems : |
| Remainder of title | basics, applications, and future directions / |
| Statement of responsibility, etc | editors, Michael J. Kavanagh, Mohan Thite and Richard D. Johnson. |
| 250 ## - EDITION STATEMENT | |
| Edition statement | 2nd ed. |
| 260 ## - PUBLICATION, DISTRIBUTION, ETC. (IMPRINT) | |
| Place of publication, distribution, etc | Thousand Oaks, Calif. : |
| Name of publisher, distributor, etc | SAGE, |
| Date of publication, distribution, etc | 2012. |
| 300 ## - PHYSICAL DESCRIPTION | |
| Extent | xxiii, 623 pages : |
| Other physical details | illustrations ; |
| Dimensions | 24 cm. |
| 500 ## - GENERAL NOTE | |
| General note | Includes bibliographical references and indexes. |
| 650 #0 - SUBJECT ADDED ENTRY--TOPICAL TERM | |
| Topical term or geographic name as entry element | Personnel management |
| General subdivision | Information technology. |
| 650 #0 - SUBJECT ADDED ENTRY--TOPICAL TERM | |
| Topical term or geographic name as entry element | Personnel management |
| General subdivision | Data processing. |
| 700 1# - ADDED ENTRY--PERSONAL NAME | |
| Personal name | Kavanagh, Michael J. |
| 700 1# - ADDED ENTRY--PERSONAL NAME | |
| Personal name | Thite, Mohan. |
| 700 1# - ADDED ENTRY--PERSONAL NAME | |
| Personal name | Johnson, Richard David. |
| 942 ## - ADDED ENTRY ELEMENTS (KOHA) | |
| Source of classification or shelving scheme | Library of Congress Classification |
| Koha item type | Books |
| Call number prefix | Foreign |
| Withdrawn status | Lost status | Source of classification or shelving scheme | Damaged status | Home library | Current library | Shelving location | Date acquired | Source of acquisition | Sub Shelving location | Total Checkouts | Full call number | Barcode | Date last seen | Price effective from | Koha item type |
|---|---|---|---|---|---|---|---|---|---|---|---|---|---|---|---|
| Library of Congress Classification | College Library | College Library | Reserve Section | 08/05/2015 | Library Fund | HF 5549.5.D37 .H88 2012 | C19665 | 05/15/2018 | 08/05/2015 | Books |